[Event "Baku Open 2018"]
[Site "Baku"]
[Date "2018.11.27"]
[Round "4"]
[White "Gasanov, Zaur"]
[Black "Gasanov, Eldar"]
[Result "0-1"]
[WhiteElo "2195"]
[BlackElo "2502"]
[Annotator "TA"]
[PlyCount "144"]
[EventDate "2018.11.24"]
[EventType "swiss"]
[EventCountry "AZE"]
[SourceTitle "playchess.com"]
[Source "ChessBase"]
[SourceQuality "1"]

{[%evp 19,144,27,36,31,41,12,14,7,40,22,23,16,35,-42,-24,-24,-30,-28,-31,-38,-56,-70,-34,-41,-40,-52,-43,-310,-299,-291,-292,-296,-181,-182,-189,-199,-103,-108,-83,-208,-131,-223,-229,-240,-231,-242,-243,-285,-255,-287,-244,-253,-250,-249,-246,-248,-243,-324,0,-248,0,-301,-306,-311,-318,-321,-306,-290,-184,-286,-279,-288,-284,-289,-277,-288,-264,-364,-358,-477,-360,-700,-455,-431,-402,-459,-444,-488,-488,-449,-452,-441,-442,-443,-414,-393,-321,-295,-264,-489,-383,-458,-347,-423,-419,-411,-429,-419,-416,-400,-363,-425,-415,-466,-420,-561,-532,-580,-562,-518,-504,-869,-827,-827,-758,-6402,-6119]} 1. e4 c5 2. Nf3 Nc6 3. d4 cxd4 4. Nxd4 Nf6 5. Nc3 d6 6. f3 e5 7. Nb3 Be7 8. Be3 Be6 9. Nd5 Bxd5 10. exd5 Nb4 11. c4 $1 {B56: Classical Sicilian: Unusual Lines} a5 12. Nd2 O-O 13. Be2 {[#] The position is equal.} Nh5 $146 ({Predecessor:} 13... Na6 14. a3 Nd7 15. Ne4 f5 16. Nc3 Bg5 17. Bf2 Nac5 18. b3 e4 {0-1 (61) Kovchan,A (2536)-Alekseev,E (2614) Kharkov 2003}) 14. O-O f5 15. a3 Na6 $1 16. b4 (16. g3 $14) 16... Bg5 17. Bf2 axb4 18. axb4 Nxb4 19. Rxa8 Qxa8 20. c5 Qa2 21. Nb3 $1 Nf4 $36 {[%mdl 2048] Black has the initiative.} 22. Bc4 Rc8 23. h4 $2 {[%mdl 8192] [#]} ({Better is} 23. Qb1 $15 Qxb1 24. Rxb1) 23... Bxh4 $1 $19 {[%mdl 512]} 24. Nd2 (24. Bxh4 Qxg2#) 24... Bxf2+ 25. Rxf2 Qc2 26. Qxc2 Nxc2 27. cxd6 Rd8 (27... Kf8 $19 28. d7 Rd8) 28. Nf1 $17 Na3 29. Bb3 (29. Ne3 $17 {is a better defense.}) 29... Rxd6 30. Ra2 (30. Ne3 $17 {was called for.}) 30... Nb5 $19 31. Ne3 Nd4 32. Ra8+ Kf7 33. Nc4 {[#]} Ra6 $1 {[%cal Ra6a8]} ({Weaker is} 33... Rxd5 34. Nxe5+ Ke6 35. Re8+ Kd6 36. Nf7+ Kc5 37. Rc8+ Kb4 38. Bxd5 $14) 34. Rb8 Nxb3 35. Rxb7+ Kf6 36. Rxb3 Nxd5 {[%mdl 4096] Endgame KRN-KRN} 37. Rb5 Ke6 38. Rb7 Kf6 39. Rb5 $1 Ke6 40. Rb7 $1 Rc6 41. Nd2 Rc7 42. Rb2 g5 43. Ra2 Nf4 44. Ra6+ (44. g4 {was necessary.}) 44... Kf7 45. Nf1 Rc1 46. Ra7+ Kg6 47. Ra6+ Kh5 48. Ra2 g4 {aiming for ...g3.} 49. fxg4+ Kxg4 50. Ra7 $2 (50. Kf2) 50... h6 51. Rg7+ Kh5 52. g3 Ne6 53. Re7 Ng5 54. Kf2 Rc2+ 55. Ke1 Nf3+ 56. Kd1 Rf2 57. Ne3 Kg5 58. Rg7+ Kf6 59. Rg8 $2 (59. Rd7 {was forced.}) 59... Rd2+ 60. Kc1 Re2 61. Nd5+ Ke6 62. Nc3 Rg2 63. Rg6+ Kf7 64. Rxh6 Rxg3 65. Nb5 {White hopes to continue with Nd6+.} Kg7 66. Rc6 Rg6 67. Rc3 e4 {Black is clearly winning.} 68. Kd1 Kf6 69. Rc5 Rg2 70. Nc3 (70. Rd5 $142) 70... Rd2+ 71. Kc1 Rd8 72. Ne2 Nd4 {Accuracy: White = 30%, Black = 68%.} 0-1

[Event "Baku Open 2018"]
[Site "Baku"]
[Date "2018.11.27"]
[Round "4"]
[White "Jafarli, Babak"]
[Black "Sevdimaliyev, Urfan"]
[Result "1/2-1/2"]
[WhiteElo "2132"]
[BlackElo "2386"]
[Annotator "NA"]
[PlyCount "163"]
[EventDate "2018.11.24"]
[EventType "swiss"]
[EventCountry "AZE"]
[SourceTitle "playchess.com"]
[Source "ChessBase"]
[SourceQuality "1"]
[TimeControl "40/5400+30:1800+30"]

1. e4 {[%emt 0:02:36]} Nf6 {[%emt 0:00:00]} 2. e5 {[%emt 0:00:29]} Nd5 {[%emt 0:00:03]} 3. c4 {[%emt 0:00:05]} Nb6 {[%emt 0:00:06]} 4. c5 {[%emt 0:00:19]} Nd5 {[%emt 0:00:09]} 5. Bc4 {[%emt 0:00:02]} e6 {[%emt 0:02:22]} 6. Nc3 {[%emt 0:00:14]} Nxc3 {[%emt 0:02:24]} 7. bxc3 {[%emt 0:00:32] LiveBook: 7 Games} Bxc5 {[%emt 0:05:46] B02: Alekhine's Defence: Chase Variation and lines with early Nc3} 8. Qg4 {[%emt 0:00:40]} O-O $146 {[%emt 0:10:40]} ({Predecessor:} 8... Bf8 9. d4 d5 10. Bd3 c5 11. Ne2 Nc6 12. O-O Qc7 13. Ng3 g6 14. Bg5 Be7 15. Bb5 {0-1 (23) Napoli,N (2172)-Mrdja,M (2432) Campobasso 2004}) 9. d4 {[%emt 0:09:17]} f5 {[%emt 0:01:07]} 10. Qg3 {[%emt 0:00:05]} Be7 {[%emt 0:01:04]} 11. Nf3 {[%emt 0:00:06]} Qe8 {[%emt 0:02:58]} 12. h4 {[%emt 0:02:57]} d6 {[%emt 0:15:03]} (12... b6 $15) 13. Bh6 {[%emt 0:03:29]} Qg6 {[%emt 0:04:24]} 14. Qxg6 {[%emt 0:01:14]} hxg6 {[%emt 0:00:04]} 15. Bg5 {[%emt 0:00:02]} Kf7 {[%emt 0:06:48]} 16. h5 {[%emt 0:12:41]} gxh5 {[%emt 0:03:05]} 17. Bxe7 {[%emt 0:00:55]} Kxe7 {[%emt 0:00:04]} 18. Rxh5 {[%emt 0:00:21]} Nc6 {[%emt 0:01:54]} 19. Rg5 {[%emt 0:01:44]} Rg8 {[%emt 0:03:46]} 20. g4 {[%emt 0:06:23]} fxg4 {[%emt 0:05:06]} 21. Rxg4 {[%emt 0:03:28]} dxe5 {[%emt 0:01:17]} 22. dxe5 {[%emt 0:02:45]} Bd7 {[%emt 0:00:17]} 23. Ke2 {[%emt 0:05:45]} Raf8 {[%emt 0:02:51]} 24. Rg5 {[%emt 0:01:37]} Rf4 {[%emt 0:04:48]} 25. Bd3 {[%emt 0:01:57]} Rgf8 {[%emt 0:03:20]} 26. Rxg7+ {[%emt 0:01:52]} Kd8 {[%emt 0:00:09]} 27. Rg3 {[%emt 0:05:52]} Ne7 {[%emt 0:03:27]} 28. c4 {[%emt 0:03:00]} Bc6 {[%emt 0:03:36]} 29. Ng5 {[%emt 0:00:45]} Rxf2+ {[%emt 0:01:38]} 30. Ke3 {[%emt 0:00:22]} Bd7 {[%emt 0:05:58]} 31. Nh7 {[%emt 0:03:12]} R8f4 {[%emt 0:00:08]} 32. Nf6 {[%emt 0:00:28]} Bc6 {[%emt 0:01:49]} 33. Rd1 {[%emt 0:02:22]} R2f3+ {[%emt 0:02:48]} 34. Rxf3 {[%emt 0:00:07]} Rxf3+ {[%emt 0:00:02]} 35. Ke2 {[%emt 0:00:06]} Kc8 {[%emt 0:01:03]} 36. Rg1 {[%emt 0:02:06]} b6 {[%emt 0:03:27]} 37. Ng8 {[%emt 0:04:54]} Nxg8 {[%emt 0:02:15]} 38. Rxg8+ {[%emt 0:00:05]} Kb7 {[%emt 0:02:23]} 39. Rg6 {[%emt 0:00:16]} Rh3 {[%emt 0:00:28]} 40. Rxe6 {[%emt 0:00:00]} Rh2+ {[%emt 0:00:00]} 41. Ke3 {[%emt 0:01:06]} Rxa2 {[%emt 0:03:20]} 42. Rh6 {[%emt 0:03:07]} Ra5 {[%emt 0:08:33]} 43. Kd4 {[%emt 0:04:00]} Ra1 {[%emt 0:01:35]} 44. Rh8 {[%emt 0:03:02]} Re1 {[%emt 0:01:41]} 45. Bf5 {[%emt 0:04:07]} a5 {[%emt 0:01:54]} 46. Bc8+ {[%emt 0:01:05]} Ka7 {[%emt 0:00:05]} 47. e6 {[%emt 0:00:07]} a4 {[%emt 0:02:22]} 48. Rh3 {[%emt 0:00:18]} Kb8 {[%emt 0:06:27]} 49. Bd7 {[%emt 0:01:08]} Bxd7 {[%emt 0:01:05]} 50. exd7 {[%emt 0:00:15]} Rd1+ {[%emt 0:00:02]} 51. Kc3 {[%emt 0:00:46]} c5 {[%emt 0:02:58]} 52. Rh8+ {[%emt 0:00:21]} Kc7 {[%emt 0:00:26]} 53. Ra8 {[%emt 0:00:05]} Kxd7 {[%emt 0:00:28]} 54. Rxa4 {[%emt 0:00:09]} Rh1 {[%emt 0:00:28]} 55. Ra7+ {[%emt 0:00:30]} Kd6 {[%emt 0:00:14]} 56. Rb7 {[%emt 0:00:21]} Rh3+ {[%emt 0:00:06]} 57. Kc2 {[%emt 0:00:17]} Kc6 {[%emt 0:00:57]} 58. Rg7 {[%emt 0:00:06]} Re3 {[%emt 0:00:13]} 59. Rh7 {[%emt 0:00:34]} Kd6 {[%emt 0:01:00]} 60. Rh5 {[%emt 0:00:27]} Re7 {[%emt 0:00:17]} 61. Rh6+ {[%emt 0:00:34]} Kc7 {[%emt 0:00:05]} 62. Rh8 {[%emt 0:00:19]} Kb7 {[%emt 0:00:19]} 63. Kb3 {[%emt 0:00:36]} Re3+ {[%emt 0:00:25]} 64. Kc2 {[%emt 0:00:06]} Ra3 {[%emt 0:00:24]} 65. Kb2 {[%emt 0:00:15]} Ra8 {[%emt 0:00:23]} 66. Rh7+ {[%emt 0:01:15]} Ka6 {[%emt 0:00:20]} 67. Rh1 {[%emt 0:00:09]} Rd8 {[%emt 0:00:36]} 68. Ra1+ {[%emt 0:00:07]} Kb7 {[%emt 0:00:03]} 69. Rh1 {[%emt 0:00:06]} Rd3 {[%emt 0:00:55]} 70. Kc2 {[%emt 0:00:11]} Ra3 {[%emt 0:01:05]} 71. Kb2 {[%emt 0:00:06]} Re3 {[%emt 0:00:29]} 72. Kc2 {[%emt 0:00:06]} Re6 {[%emt 0:01:17]} 73. Kc3 {[%emt 0:00:18]} Kc6 {[%emt 0:00:16]} 74. Rh8 {[%emt 0:00:34]} Kd6 {[%emt 0:00:16]} 75. Rd8+ {[%emt 0:01:12]} Ke5 {[%emt 0:00:19]} 76. Kb3 {[%emt 0:02:53]} Rd6 {[%emt 0:01:38]} 77. Rh8 $11 {[%emt 0:00:24]} Rd3+ {[%emt 0:01:21]} 78. Ka4 {[%emt 0:00:21]} Re3 {[%emt 0:02:27]} 79. Rh4 {[%emt 0:06:54]} Re4 {[%emt 0:00:53]} 80. Rh5+ {[%emt 0:00:57]} Kd4 {[%emt 0:01:10]} 81. Kb5 {[%emt 0:00:08]} Re6 {[%emt 0:01:40]} 82. Rh4+ {[%emt 0:00:29]} 1/2-1/2

[Event "Baku Open 2018"]
[Site "Baku"]
[Date "2018.11.27"]
[Round "4"]
[White "Huseynov, Fazil"]
[Black "Tsydypov, Zhamsaran"]
[Result "0-1"]
[WhiteElo "1931"]
[BlackElo "2530"]
[Annotator "TA"]
[PlyCount "80"]
[EventDate "2018.11.24"]
[EventType "swiss"]
[EventCountry "AZE"]
[SourceTitle "playchess.com"]
[Source "ChessBase"]
[SourceQuality "1"]

{[%evp 9,80,23,37,33,35,-11,-3,-24,0,0,0,0,0,0,0,-12,0,-3,-9,-10,-13,-26,-28,-31,-10,-54,-25,-32,-25,-35,-15,-19,0,0,0,0,0,-46,-55,-43,10,-90,-89,-93,-80,-86,-96,-135,-137,-122,-116,-133,-137,-139,-54,-79,-73,-78,-32,-42,-29,-36,-36,-98,-89,-152,-135,-702,-700,-700,-681,-584,-585]} 1. c4 e5 2. Nc3 Nc6 3. g3 h5 (3... g6 4. Bg2 Bg7 5. Rb1 d6 6. b4 f5 7. b5 Nce7 8. d3 Nf6 9. e3 O-O 10. Nge2 g5 11. f4 exf4 12. exf4 g4 13. O-O h5 14. Re1 h4 15. Be3 {½-½ (32) Aronian,L (2780)-Duda,J (2739) Batumi 2018}) 4. h4 Nf6 5. Bg2 Bc5 {LiveBook: 7 Games} 6. d3 {A25: English Opening vs King's Indian with ...Nc6 but without early d3} Ng4 7. Ne4 $146 ({Predecessor:} 7. Nh3 d6 8. Na4 Bb4+ 9. Bd2 a5 10. O-O Nd4 {0-1 (57) Kovacevic,B (2460)-Bosiocic,M (2593) Zadar 2011}) 7... Bb6 8. c5 {The position is equal.} Ba5+ 9. Bd2 d5 10. cxd6 cxd6 11. Bxa5 Qxa5+ 12. Qd2 Qd8 13. Qg5 O-O 14. Qxd8 Rxd8 15. Nf3 d5 16. Nc3 Bf5 17. e4 dxe4 18. dxe4 Be6 19. O-O Nb4 20. Rfd1 Rxd1+ 21. Rxd1 Nxa2 22. Nd5 Kf8 23. Nc7 Bb3 $1 {Hoping for ...Rc8.} 24. Rd3 Bc4 (24... Rc8 $15 25. Rxb3 Rxc7) 25. Ra3 (25. Rd7 $11 Nf6 26. Rxf7+ Bxf7 27. Nxa8) 25... Rc8 26. Nd5 Nc1 {Threatens to win with ...Ne2+.} 27. Bh3 Nd3 {And now ...Bxd5 would win.} 28. Ne3 Ndxf2 29. Bxg4 Nxg4 30. Nxg4 hxg4 31. Nxe5 $17 {[%mdl 4096] Endgame [#] KRB-KRN} Ba6 (31... a6 $1 $17 32. Rc3 Be6 33. Rxc8+ Bxc8) 32. b4 Rc1+ 33. Kf2 Rf1+ 34. Ke3 f6 {[%cal Bf7f6,Bf6f5][%mdl 32]} 35. Nxg4 Rb1 36. Ra4 {[#]} ({White should try} 36. Rc3 $15) 36... Rb3+ $1 37. Kf4 (37. Kf2 $142) 37... Be2 {[%csl Ge2][%cal Rb3f3]} 38. e5 $2 {[%mdl 8192]} (38. Nh2 $17) 38... Rf3+ $19 {Black is clearly winning.} 39. Ke4 f5+ {[%mdl 64] Double Attack} 40. Kd4 {White hopes to continue with Ne3.} Rd3+ {Accuracy: White = 43%, Black = 45%.} 0-1

[Event "Baku Open 2018"]
[Site "Baku"]
[Date "2018.11.28"]
[Round "5"]
[White "Guseinov, Gadir"]
[Black "Bajarani, Ulvi"]
[Result "1-0"]
[WhiteElo "2664"]
[BlackElo "2433"]
[Annotator "TA"]
[PlyCount "163"]
[EventDate "2018.11.24"]
[EventType "swiss"]
[EventCountry "AZE"]
[SourceTitle "playchess.com"]
[Source "ChessBase"]
[SourceQuality "1"]

{[%evp 24,163,74,5,26,7,15,0,33,18,30,18,8,0,42,18,30,4,49,47,69,67,77,67,52,40,117,28,37,-7,-17,-6,0,7,28,35,34,-20,-20,-20,-21,-21,-20,-53,0,0,0,0,0,0,0,0,0,-19,0,0,0,0,0,0,0,0,0,-45,-45,-45,-46,-46,0,0,0,-21,0,0,0,0,0,0,0,0,0,0,0,0,0,0,0,-3,0,0,0,0,0,0,0,0,0,0,0,0,0,0,0,0,0,0,0,0,0,0,0,0,0,0,0,0,0,0,0,0,0,0,12,12,145,14,215,216,1283,1242,1197,427,4716,4716,4731,4724,4716,4634,4114,1232,1150,1124]} 1. e4 c5 2. Nc3 Nc6 3. Nf3 d6 4. d4 cxd4 5. Nxd4 Nf6 6. Bg5 e6 7. Qd2 a6 8. O-O-O Bd7 9. f4 b5 10. Bxf6 gxf6 11. Kb1 Qb6 12. Nce2 Rc8 13. g3 {LiveBook: 24 Games. B67: Sicilian: Richter-Rauzer: 7...a6 8 0-0-0 Bd7, lines without 9 f4 Be7} (13. f5 $16) (13. g4 h5 14. gxh5 Rxh5 15. h4 Rh8 16. h5 Na5 17. Ng3 Bh6 18. Rh4 Rg8 19. Qe1 Nc4 20. c3 Kf8 {1-0 (40) Cheparinov,I (2718)-Firouzja,A (2561) Abu Dhabi 2018}) 13... Be7 14. Bg2 b4 15. Rhf1 {[#] The position is equal.} h5 $146 ({Predecessor:} 15... O-O 16. g4 Nxd4 17. Nxd4 Rc7 18. Rf3 Rfc8 19. Rh3 {0-1 (50) Nevednichy,V (2574)-Kozul,Z (2601) Bol 2013}) 16. Nxc6 Bxc6 17. Nd4 Bb7 18. Bf3 Rc7 19. Qe2 a5 20. Rfe1 (20. Qf2 $5 {[%cal Rd4e6]} Rc8 21. Be2 $14) 20... Ba6 21. Qe3 {Threatens to win with Nxe6!} Qc5 22. Be2 Bb7 23. Bb5+ Kf8 24. Ba4 Kg7 (24... e5 $14) 25. Bb3 ({Better is} 25. g4 $1 $16) 25... Bc8 $11 26. f5 {[%cal Rf5e6]} (26. c3 $5) 26... e5 27. Nf3 $132 {[%mdl 2048] White is not keeping still} Qxe3 28. Rxe3 Bb7 29. Bd5 Ba6 30. Nh4 (30. Nd2 $14) 30... Rhc8 31. Rd2 Bf8 32. a4 Kg8 33. Bb3 Bb7 (33... Bc4 $15 34. Re1 d5) 34. Re1 Rd8 35. Bd5 Ba6 36. Ng2 Bh6 37. Rdd1 Kf8 38. Bb3 Bb7 39. Bd5 Ba6 40. Ne3 Ke7 41. Bb3 Bxe3 $1 42. Rxe3 Rc5 43. Rd2 Bb7 44. Kc1 Rg8 45. h3 Rd8 46. Kd1 Rd7 47. Ke2 Ba6+ 48. Kf2 Rdc7 49. Re1 Bc4 50. Bxc4 Rxc4 {[%mdl 4096] Endgame KRR-KRR} 51. Ree2 R7c5 52. Ke3 Kd7 53. Kf3 Kc6 54. h4 d5 55. g4 dxe4+ 56. Ke3 hxg4 57. h5 {[#] Strongly threatening h6.} Rd4 $1 58. Rg2 (58. Rxd4 exd4+) 58... Rcd5 59. Rxd4 Rxd4 60. Rxg4 {And now Rh4 would win. KR-KR} b3 61. Rg2 {Threatening Rh2.} Kb6 62. c3 Rd3+ 63. Kxe4 Rh3 64. Rg7 Kc5 65. Rxf7 Rh4+ 66. Kf3 Rxh5 67. Rxf6 Rh2 68. Rf8 Rxb2 {Hoping for ...Rb1.} 69. f6 Kd6 70. Rb8 Ke6 71. Rb6+ Kf7 {White must now prevent ...Rb1.} 72. Ke4 Kg6 73. Kxe5 Rb1 {[#]} (73... Re2+ $11 74. Kd6 Re4) 74. Kd5 ({Only move:} 74. Kd6 $1 $16) 74... b2 $2 (74... Ra1 $1 $11) 75. Kc4 $18 Ra1 $2 (75... Kf7 76. Kb3 Ra1 77. Kxb2 Rxa4) 76. Rxb2 {White is clearly winning.} Rxa4+ 77. Kb5 Ra1 {[#]} (77... Rf4 $142 78. c4 (78. Kxa5 Kxf6 79. Rb4 Rf1 $14) 78... Kxf6) 78. Rf2 $1 {White wants to mate with f7.} Kf7 79. Rf4 a4 80. Rxa4 Rc1 81. c4 (81. Ra7+ $142 Kxf6 82. c4) 81... Kxf6 82. Kc6 {Accuracy: White = 67%, Black = 50%.} 1-0

[Event "Baku Open 2018"]
[Site "Baku"]
[Date "2018.11.28"]
[Round "5"]
[White "Abasov, Nijat"]
[Black "Abdulla, Khayala"]
[Result "1-0"]
[WhiteElo "2629"]
[BlackElo "2168"]
[Annotator "TA"]
[PlyCount "85"]
[EventDate "2018.11.24"]
[EventType "swiss"]
[EventCountry "AZE"]
[SourceTitle "playchess.com"]
[Source "ChessBase"]
[SourceQuality "1"]

{[%evp 23,85,53,83,62,66,52,53,52,97,105,108,109,104,84,95,30,36,39,120,120,120,122,118,104,114,97,108,100,100,93,100,100,102,100,116,116,127,124,143,140,174,174,176,183,174,170,219,221,1228,1225,1175,1156,1119,1135,1863,1556,29985,29986,29986,29987,29986,29987,29987,29987]} 1. d4 Nf6 2. c4 e6 3. Nc3 Bb4 4. g3 O-O 5. Bg2 d5 6. Nf3 dxc4 7. O-O c5 8. dxc5 Bxc5 9. Ne5 Qe7 10. Bg5 h6 11. Bxf6 Qxf6 12. Nxc4 Nc6 {LiveBook: 3 Games} 13. Ne4 {E05: Open Catalan: 5 Nf3 Be7} Qe7 14. e3 Rd8 15. Qb3 {White is slightly better.} (15. Qe2 Bd7 16. Rac1 Be8 17. a3 Bb6 18. Nxb6 axb6 19. Rfd1 Na7 20. Rxd8 Rxd8 {½-½ (46) Marin,M (2569)-Sachdev,T (2414) Douglas 2016}) 15... e5 $146 ({Predecessor:} 15... Bd7 16. Qxb7 Rab8 17. Qc7 Rdc8 18. Qf4 e5 19. Qf3 Be6 20. Rfc1 Nb4 {1-0 (86) Panno,O-Mecking,H Mar del Plata (Hotel Nogaró) 1971}) 16. Qb5 Bb4 17. a3 a6 18. Qb6 Be6 19. Rac1 (19. Rfc1 $16 Bxc4 20. Rxc4) 19... Rd5 $1 $11 {[%cal Rd5b5] Hoping for ...Rb5.} 20. Nc3 $1 {[%cal Rc3d5][%mdl 64] [#] Pin} ({Not} 20. axb4 Rb5 $17) 20... Bc5 (20... Rc5 $14 21. Nd6 Qxd6 22. axb4 Rc4) 21. Nxd5 $16 Bxd5 22. Qb3 Na5 23. Qc3 Bxc4 24. Qxa5 Bxf1 25. Rxc5 Bxg2 26. Rxe5 Qd6 {[#] White must now prevent ...Bf3.} 27. Kxg2 {[%mdl 4096] Endgame KQR-KQR} Rc8 28. Rd5 Qc6 29. Qd2 Qe6 30. Qd4 Rc2 31. b4 Ra2 32. Rd8+ Kh7 33. Rd6 $36 {[%mdl 2048] Keeping Black busy.} Qf5 34. e4 {[%cal Be3e4,Be4e5][%mdl 32]} Qb5 35. e5 Qe2 $2 (35... Re2 36. Rb6 Qxe5 37. Qxe5 Rxe5 38. Rxb7 f6) 36. Qf4 $18 {Intending Qf5+ and mate.} Qc2 37. Qxf7 Qe4+ 38. Kh3 Rxa3 39. f4 {Kh4 would kill now.} Rf3 40. Kh4 {White mates.} Rxf4+ 41. gxf4 Qe1+ 42. Kg4 Qe2+ 43. Kf5 {Accuracy: White = 85%, Black = 47%.} 1-0

[Event "Baku Open 2018"]
[Site "Baku"]
[Date "2018.11.28"]
[Round "5"]
[White "Aleksandrov, Aleksej"]
[Black "Abdulov, Orkhan"]
[Result "1-0"]
[WhiteElo "2599"]
[BlackElo "2398"]
[Annotator "TA"]
[PlyCount "105"]
[EventDate "2018.11.24"]
[EventType "swiss"]
[EventCountry "AZE"]
[SourceTitle "playchess.com"]
[Source "ChessBase"]
[SourceQuality "1"]

{[%evp 24,105,103,112,118,108,108,96,123,90,110,110,111,123,120,123,113,127,211,193,206,194,228,231,237,229,255,258,358,294,285,287,310,267,269,268,267,258,261,273,273,238,262,218,225,208,209,204,257,245,230,238,514,474,467,414,415,340,344,337,366,355,577,554,681,680,868,839,939,940,922,908,896,891,926,814,1198,941,29982,29983,29988,29983,29985,29984]} 1. d4 e6 2. c4 Nf6 3. Nc3 Bb4 4. e3 c5 5. Nge2 b6 6. a3 Ba5 7. Rb1 Na6 8. Ng3 Bb7 {E42: Nimzo-Indian: Rubinstein: 4...c5 5 Ne2} 9. f3 O-O 10. Bd3 d5 11. O-O cxd4 12. Nb5 dxc4 13. Bxc4 {LiveBook: 3 Games} Rc8 14. Qe2 Bd5 15. Bxd5 Qxd5 16. e4 {[#]} Qd7 $146 {Threatens to win with ...d3.} 17. Rd1 {[#]} d3 $1 {[%mdl 512]} 18. Qxd3 (18. Rxd3 Qxb5) 18... Qxd3 19. Rxd3 Nc5 {[#]} 20. Rd1 $1 Rcd8 (20... Nb3 $16 {might work better.}) 21. Be3 Nb3 22. Nxa7 Bd2 23. Bxb6 Rd7 24. Nf1 Bf4 25. Nc6 g5 26. g3 Bc7 27. Be3 h6 28. Nd2 Nxd2 29. Rxd2 Bb6 {[#]} 30. Re2 $1 ({Not} 30. Bxb6 Rxd2 31. Bd4 Nd7 $14) 30... Bxe3+ 31. Rxe3 Rc8 32. Rc3 {aiming for Ne7+!} Kg7 33. Rbc1 g4 34. fxg4 Nxe4 35. R3c2 Nf6 36. a4 Nxg4 37. b4 {[%cal Bb2b4,Bb4b5][%mdl 32]} e5 $2 (37... Ne3) 38. b5 $18 e4 39. h3 Ne3 40. Re2 Nf5 41. Rxe4 Rd3 42. Kf2 Rb3 $2 (42... Nd6 {was called for.}) 43. Rd1 Ra8 44. Rd5 Nxg3 45. Rg4+ {[%mdl 64] Double Attack} Kh7 46. Rxg3 Rb2+ 47. Kf3 Rxa4 48. Nd4 Ra3+ 49. Kf4 Ra4 50. Ke5 Ra7 51. Kf6 {White mates.} Ra8 52. Rg7+ Kh8 53. Rxf7 {Accuracy: White = 75%, Black = 43%.} 1-0

[Event "Baku Open 2018"]
[Site "Baku"]
[Date "2018.11.28"]
[Round "5"]
[White "Gareyev, Timur"]
[Black "Babazada, Khazar"]
[Result "1/2-1/2"]
[WhiteElo "2584"]
[BlackElo "2269"]
[Annotator "TA"]
[PlyCount "71"]
[EventDate "2018.11.24"]
[EventType "swiss"]
[EventCountry "AZE"]
[SourceTitle "playchess.com"]
[Source "ChessBase"]
[SourceQuality "1"]

{[%evp 21,71,35,39,19,20,15,17,20,23,24,35,35,35,16,26,20,34,18,34,0,41,39,26,0,0,0,0,0,18,18,21,0,0,0,24,0,0,0,0,-16,0,0,18,18,31,0,39,0,0,0,0,-8]} 1. d4 Nf6 2. Nf3 g6 3. g3 Bg7 4. Bg2 O-O 5. O-O d6 6. c4 Nc6 7. Nc3 a6 8. Re1 Rb8 9. Rb1 Bf5 10. e4 {E63: King's Indian: Fianchetto: Panno Variation with 7...a6} Bg4 11. Be3 Re8 {LiveBook: 7 Games} (11... Qc8 12. Rc1 Re8 13. Qd3 Bxf3 14. Bxf3 Ng4 15. Bxg4 Qxg4 16. Kg2 Qd7 17. a3 e6 {½-½ (25) Erdos,V (2614)-Iljiushenok,I (2489) Minsk 2017}) 12. h3 {White is slightly better.} Bxf3 $1 13. Bxf3 e5 14. d5 Nd4 $1 15. Bg2 c5 16. dxc6 bxc6 17. b4 Nd7 18. a3 $146 ({Predecessor:} 18. Qd3 a5 19. a3 Rb7 20. Ne2 axb4 21. axb4 c5 22. Nxd4 {½-½ (22) Krensing,J (2337)-Richter,L (2130) Germany 2014}) 18... Qe7 19. Qd3 Qe6 20. Na4 Nb6 21. Nxb6 Rxb6 22. c5 dxc5 23. bxc5 Rb5 {[%cal Bb6b5,Bb5c5,Bc5c2,Bc2a2,Ba2a5][%mdl 32]} 24. a4 {[%cal Ba3a4,Ba4a5][%mdl 32]} Rxc5 25. Qxa6 Rc2 26. a5 Ra2 27. Rb6 Bf8 28. Bxd4 exd4 29. Rxc6 Qe5 30. Rd1 Rxa5 31. Qc4 Rd8 32. Rc7 Qf6 33. h4 d3 34. Rxd3 (34. Bh3 $5 {[%cal Rc7f7]} Be7 35. Rxd3 Rxd3 36. Qxd3 $14) 34... Rxd3 35. Qxd3 Bc5 $1 36. Qf3 {Accuracy: White = 46%, Black = 37%.} 1/2-1/2

[Event "Baku Open 2018"]
[Site "Baku"]
[Date "2018.11.28"]
[Round "5"]
[White "Tsydypov, Zhamsaran"]
[Black "Popov, Ivan"]
[Result "1/2-1/2"]
[WhiteElo "2530"]
[BlackElo "2590"]
[Annotator "TA"]
[PlyCount "106"]
[EventDate "2018.11.24"]
[EventType "swiss"]
[EventCountry "AZE"]
[SourceTitle "playchess.com"]
[Source "ChessBase"]
[SourceQuality "1"]

{[%evp 23,106,-5,24,20,37,17,38,27,47,41,29,44,47,52,55,48,58,51,82,75,82,82,74,0,77,0,0,0,0,0,0,0,0,0,17,0,0,0,24,31,31,31,51,29,29,29,67,34,37,37,31,31,55,56,43,37,81,0,0,0,81,81,81,81,81,81,81,81,81,81,81,81,81,81,81,53,57,25,59,56,81,63,81,47,81]} 1. e4 c6 {[%cal Bc7c6,Bc6c5][%mdl 32]} 2. d4 d5 3. e5 Bf5 4. Nf3 e6 5. Be2 c5 6. Be3 Qb6 7. Nc3 Nc6 8. Na4 {B12: Caro-Kann: Advance Variation} Qa5+ 9. c3 c4 (9... cxd4 10. Nxd4 Nxd4 11. Bxd4 Ne7 12. O-O Nc6 13. b4 Qc7 14. Rc1 Be7 15. g4 Be4 {1-0 (28) Giri,A (2777)-Navara,D (2745) Shamkir 2018}) 10. O-O b5 11. Nc5 Bxc5 12. dxc5 Nge7 {LiveBook: 8 Games} 13. b4 Qa3 14. Qc1 Qxc1 15. Rfxc1 Kd7 {[#]} 16. a4 $146 a6 $1 17. Ra2 Kc7 18. Rca1 Kb7 19. Nd4 Nxd4 20. Bxd4 Nc6 21. g4 Be4 22. f3 Bg6 23. Kg2 ({Better is} 23. Be3 $16) 23... Ra7 (23... bxa4 $11 {keeps the balance.} 24. Rxa4 Rhb8) 24. axb5 (24. Be3 $16) 24... axb5 $11 25. Rxa7+ Nxa7 26. Ra5 Bc2 27. c6+ Nxc6 28. Rxb5+ Kc7 29. Bb6+ Kd7 {[#] ...Rb8 is the strong threat.} 30. Bc5 {aiming for Bd6.} Rb8 (30... Nxe5 {keeps more tension.} 31. Ra5 Rc8 32. Kg3 g5 33. h4 h6) 31. Rxb8 Nxb8 {[%mdl 4096] Endgame KBB-KBN} 32. Kf2 Na6 33. Bf8 Nc7 34. Ke3 g6 35. h4 Nb5 36. Kd2 Bb3 37. Bc5 Kc6 38. f4 {[%cal Bf3f4,Bf4f5][%mdl 32]} Na3 39. Kc1 Nb5 40. Kd2 (40. Kb2 $16) 40... Na3 $1 {[%cal Ra3b1] [#] Threatens to win with ...Nb1+.} 41. Kc1 (41. Bd4 $11) 41... Nb5 $16 42. Kb2 Ba4 43. f5 Kd7 44. f6 Ke8 45. Bf2 Kf8 46. Be3 Ke8 47. Bf3 Kf8 48. Bf2 Bb3 49. Be1 Ba4 50. Kc1 Bb3 51. Kd2 Ba4 52. Ke3 Bc2 53. Kf4 Kg8 {Accuracy: White = 54%, Black = 64%.} 1/2-1/2